Pokémon TCG Pocket - Toutes les Cartes EX - Statistiques

Statistiques générales
  • Ce quiz a été pris 118 fois
    50 depuis la dernière actualisation
  • Le résultat moyen est 78 sur 92
Statistiques - réponses
Extension Type de quiz Pokémon % Correct
Puissance Génétique Eau Artikodin
100%
Choc Spatio-Temporel Obscurité Darkrai
100%
Promo-A Obscurité Darkrai
100%
Choc Spatio-Temporel Métal Dialga
100%
Réjouissances Rayonnantes Feu Dracaufeu
100%
Puissance Génétique Feu Dracaufeu
100%
Puissance Génétique Plante Florizarre
100%
Puissance Génétique Combat Mackogneur
100%
L'île Fabuleuse Psy Mew
100%
Puissance Génétique Psy Mewtwo
100%
Promo-A Psy Mewtwo
100%
Choc Spatio-Temporel Eau Palkia
100%
Puissance Génétique Feu Sulfura
100%
Promo-A Feu Sulfura
100%
Puissance Génétique Eau Tortank
100%
Sagesse entre Ciel et Mer Incolore Lugia
97%
Lumière Triomphale Incolore Arceus
95%
L'île Fabuleuse Plante Celebi
95%
Puissance Génétique Électrique Électhor
95%
Sagesse entre Ciel et Mer Psy Mentali
95%
Puissance Génétique Combat Ossatueur
95%
Réjouissances Rayonnantes Électrique Pikachu
95%
Puissance Génétique Électrique Pikachu
95%
La Clairière d'Évoli Feu Pyroli
95%
La Clairière d'Évoli Incolore Ronflex
95%
La Clairière d'Évoli Dragon Dracolosse
92%
Puissance Génétique Psy Ectoplasma
92%
La Clairière d'Évoli Incolore Évoli
92%
Promo-A Incolore Évoli
92%
Sagesse entre Ciel et Mer Feu Ho-Oh
92%
Gardiens Astraux Psy Lunala
92%
Sagesse entre Ciel et Mer Obscurité Noctali
92%
Lumière Triomphale Plante Phyllali
92%
Promo-A Électrique Raichu
92%
Gardiens Astraux Électrique Raichu d'Alola
92%
Gardiens Astraux Métal Solgaleo
92%
Puissance Génétique Eau Staross
92%
Source Secrète Eau Suicune
92%
Source Secrète Feu Entei
89%
Promo-A Feu Entei
89%
Réjouissances Rayonnantes Psy Giratina
89%
Lumière Triomphale Eau Givrali
89%
L'île Fabuleuse Eau Léviator
89%
Crise Interdimensionnelle Plante Mouscoto
89%
Source Secrète Électrique Raikou
89%
Puissance Génétique Feu Arcanin
86%
Promo-A Psy Cresselia
86%
Crise Interdimensionnelle Obscurité Engloutyran
86%
Choc Spatio-Temporel Combat Gallame
86%
Puissance Génétique Plante Noadkoko
86%
Choc Spatio-Temporel Feu Simiabraz
86%
Choc Spatio-Temporel Obscurité Dimoret
84%
Réjouissances Rayonnantes Combat Lucario
84%
La Clairière d'Évoli Psy Nymphali
84%
L'île Fabuleuse Combat Ptéra
84%
Gardiens Astraux Plante Archéduc
81%
Gardiens Astraux Feu Félinferno
81%
Promo-A Eau Lokhlass
81%
Choc Spatio-Temporel Électrique Pachirisu
81%
L'île Fabuleuse Incolore Roucarnage
81%
Lumière Triomphale Métal Tarinorme
81%
Réjouissances Rayonnantes Plante Dardargnan
78%
Puissance Génétique Incolore Grodoudou
78%
Promo-A Incolore Rayquaza
78%
Crise Interdimensionnelle Électrique Tokorico
78%
Promo-A Électrique Tokorico
78%
Promo-A Dragon Ultra-Necrozma
78%
Lumière Triomphale Combat Carchacrok
76%
La Clairière d'Évoli Eau Oratoria
76%
Gardiens Astraux Eau Crabominable
73%
Promo-A Incolore Leuphorie
73%
Choc Spatio-Temporel Plante Yanmega
73%
Sagesse entre Ciel et Mer Métal Airmure
70%
Sagesse entre Ciel et Mer Plante Caratroc
70%
Source Secrète Plante Cotovol
70%
Choc Spatio-Temporel Incolore Coudlangue
70%
Sagesse entre Ciel et Mer Eau Hyporoi
70%
Choc Spatio-Temporel Psy Magirêve
70%
Sagesse entre Ciel et Mer Obscurité Nostenfer
70%
Gardiens Astraux Plante Sinistrail
70%
Sagesse entre Ciel et Mer Combat Donphan
68%
Gardiens Astraux Eau Froussardine
68%
Gardiens Astraux Obscurité Grotadmorv d'Alola
68%
Réjouissances Rayonnantes Obscurité Terraiste de Paldea
68%
Réjouissances Rayonnantes Métal Forgelina
65%
Sagesse entre Ciel et Mer Électrique Lanturn
65%
Source Secrète Combat Tartard
65%
Réjouissances Rayonnantes Eau Triopikeau
65%
Réjouissances Rayonnantes Incolore Castorno
62%
Crise Interdimensionnelle Métal Triopikeur d'Alola
62%
Gardiens Astraux Combat Quartermac
59%
Crise Interdimensionnelle Combat Lougaroc
57%
Aucun quiz correspondant
Distribution des résultats
% des personnes avec chaque résultat
Percentile par nombre de réponses
Votre historique - résultats
Vous n’avez pas pris ce quiz depuis la dernière actualisation